[Event "BL 1213 SC Eppingen - SG Solingen"]
[Site "?"]
[Date "2012.12.09"]
[Round "6.3"]
[White "Smeets, Jan"]
[Black "Balogh, Csaba"]
[Result "1/2-1/2"]
[WhiteElo "2613"]
[BlackElo "2664"]
[PlyCount "63"]
[EventDate "2012.??.??"]

1. e4 e5 2. Nf3 Nc6 3. Bb5 Nf6 4. O-O Nxe4 5. d4 Nd6 6. Bxc6 dxc6 7. dxe5 Nf5
8. Qxd8+ Kxd8 9. Nc3 Ke8 10. h3 h6 11. Kh2 Bd7 12. g4 Ne7 13. Kg3 c5 14. Nd2
Bc6 15. Nde4 Ng6 16. f4 Be7 17. Be3 b6 18. Rad1 Rd8 19. b3 h5 20. Rxd8+ Bxd8
21. Rd1 Bh4+ 22. Kf3 f5 23. exf6 Bxf6 24. Kg3 Bh4+ 25. Kg2 Bf6 26. Kg3 Bh4+ 27.
Kg2 hxg4 28. hxg4 Bf6 29. Kg3 Bh4+ 30. Kg2 Rf8 31. Kh3 Rh8 32. Kg2 1/2-1/2

[Event "BL 1213 SC Eppingen - SG Solingen"]
[Site "?"]
[Date "2012.12.09"]
[Round "6.4"]
[White "Postny, Evgeny"]
[Black "L'Ami, Erwin"]
[Result "1/2-1/2"]
[WhiteElo "2647"]
[BlackElo "2631"]
[PlyCount "181"]
[EventDate "2012.??.??"]

1. d4 Nf6 2. c4 e6 3. g3 d5 4. Nf3 dxc4 5. Bg2 c5 6. O-O Nc6 7. dxc5 Qxd1 8.
Rxd1 Bxc5 9. Nbd2 c3 10. bxc3 O-O 11. Nb3 Be7 12. Nfd4 Bd7 13. Bg5 Rac8 14. Nf5
exf5 15. Bxf6 Be6 16. Bxe7 Nxe7 17. Bxb7 Rc7 18. Bf3 Rxc3 19. Nd4 Bd7 20. Rab1
Ba4 21. Rd2 g6 22. Rb7 Nc8 23. Bd5 Rc1+ 24. Kg2 Rc5 25. Bb3 Bxb3 26. axb3 Rd8
27. e3 a5 28. Ra2 Rdd5 29. h4 h5 30. b4 axb4 31. Ra8 Kf8 32. Nf3 Ke8 33. Rxb4
Kd7 34. Ng5 Nd6 35. Nxf7 Nxf7 36. Rb7+ Rc7 37. Rxc7+ Kxc7 38. Ra7+ Kd6 39. Rxf7
Ke6 40. Ra7 Rd2 41. Ra6+ Kf7 42. Kf3 Rb2 43. Ra1 Kf6 44. Re1 Ra2 45. Re2 Ra4
46. Rd2 Kf7 47. Ke2 Kf6 48. Rc2 Ra3 49. Rb2 Kf7 50. Kf3 Ra4 51. Rb7+ Kf6 52.
Rb6+ Kf7 53. Rd6 Ra2 54. Rd4 Kf6 55. Rb4 Kf7 56. e4 fxe4+ 57. Rxe4 Kf6 58. Rb4
Ra5 59. Ke3 Re5+ 60. Re4 Ra5 61. Kf3 Ra3+ 62. Kf4 Ra5 63. f3 Ra6 64. Rc4 Rb6
65. Ke4 Re6+ 66. Kd3 Re1 67. Rc6+ Kf7 68. Rc5 Kf6 69. Kd2 Rg1 70. Rg5 Ra1 71.
Ke3 Ra3+ 72. Kf2 Ra2+ 73. Kf1 Ra1+ 74. Kg2 Ra2+ 75. Kh3 Ra3 76. f4 Rb3 77. Re5
Ra3 78. Kg2 Rb3 79. Kf2 Ra3 80. Re3 Ra2+ 81. Kf3 Ra4 82. Rd3 Kf5 83. Rd5+ Kf6
84. Kg2 Ra2+ 85. Kh3 Ra3 86. Rg5 Rb3 87. f5 gxf5 88. Rxh5 f4 89. Rg5 Rxg3+ 90.
Rxg3 fxg3 91. Kxg3 1/2-1/2

[Event "BL 1213 SC Eppingen - SG Solingen"]
[Site "?"]
[Date "2012.12.09"]
[Round "6.6"]
[White "Medvegy, Zoltan"]
[Black "Jussupow, Artur"]
[Result "1/2-1/2"]
[WhiteElo "2561"]
[BlackElo "2608"]
[PlyCount "121"]
[EventDate "2012.??.??"]

1. c4 e5 2. g3 Nc6 3. Nc3 g6 4. Bg2 Bg7 5. e4 d6 6. d3 Nge7 7. Nge2 O-O 8. O-O
Be6 9. Nd5 f5 10. Be3 Qd7 11. Qd2 Rf7 12. Rac1 Raf8 13. f3 Nc8 14. exf5 Bxf5
15. d4 Bh3 16. b3 h5 17. dxe5 dxe5 18. Bc5 Re8 19. Rcd1 Bxg2 20. Kxg2 Qf5 21.
Qd3 b6 22. Qxf5 gxf5 23. Bf2 Nd8 24. c5 c6 25. Ndc3 Ne6 26. cxb6 axb6 27. Rfe1
Bf8 28. Rd3 Nc5 29. Rd2 Bh6 30. Rdd1 Nd7 31. Nd4 Nb8 32. f4 e4 33. Nc2 Na6 34.
Na4 b5 35. Nc5 Nxc5 36. Bxc5 Bf8 37. Bxf8 Rexf8 38. Nb4 c5 39. Nd5 Ra7 40. Re2
c4 41. bxc4 bxc4 42. Ne3 h4 43. Nxc4 hxg3 44. hxg3 Ne7 45. Rd6 Rfa8 46. a3 Rc7
47. Rd4 Nc6 48. Rdd2 Ne7 49. Nd6 Rc5 50. Rc2 Rd5 51. Rc7 Rxd6 52. Rxe7 Rxa3 53.
Rb2 Ra8 54. g4 fxg4 55. Kg3 Rg6 56. Rb3 Rg7 57. Rxe4 Ra1 58. Re8+ Kh7 59. f5
Rg1+ 60. Kf2 Ra1 61. Kg3 1/2-1/2

[Event "BL 1213 SC Eppingen - SG Solingen"]
[Site "?"]
[Date "2012.12.09"]
[Round "6.7"]
[White "Hoffmann, Michael"]
[Black "Braun, Arik"]
[Result "0-1"]
[WhiteElo "2474"]
[BlackElo "2556"]
[PlyCount "66"]
[EventDate "2012.??.??"]

1. d4 Nf6 2. c4 e6 3. Nc3 Bb4 4. e3 c5 5. Nge2 cxd4 6. exd4 d5 7. c5 Ne4 8. Bd2
Nc6 9. Nxe4 dxe4 10. Bxb4 Nxb4 11. Qa4+ Nc6 12. Rd1 O-O 13. Nc3 f5 14. Be2 Kh8
15. O-O Bd7 16. d5 exd5 17. Rxd5 Qe7 18. Rfd1 Rad8 19. Rd6 Bc8 20. Bb5 Rde8 21.
Bxc6 bxc6 22. Qxc6 f4 23. Qd5 e3 24. Qd4 Qg5 25. Rd5 Qg6 26. h4 Qc2 27. fxe3
fxe3 28. Kh2 Rf3 29. Kh1 e2 30. Nxe2 Qxe2 31. gxf3 Qxf3+ 32. Kg1 Qg3+ 33. Kh1
Bg4 0-1

[Event "BL 1213 SC Eppingen - SG Solingen"]
[Site "?"]
[Date "2012.12.09"]
[Round "6.8"]
[White "Guliyev, Namig"]
[Black "Andersen, Mads"]
[Result "0-1"]
[WhiteElo "2546"]
[BlackElo "2461"]
[PlyCount "120"]
[EventDate "2012.??.??"]

1. e4 e5 2. Nf3 Nc6 3. Bb5 a6 4. Ba4 Nf6 5. O-O Be7 6. Re1 b5 7. Bb3 d6 8. c3
O-O 9. d4 Bg4 10. d5 Na5 11. Bc2 c6 12. h3 Bc8 13. dxc6 Qc7 14. Nbd2 Qxc6 15.
Nf1 Be6 16. Ng3 Rac8 17. Ng5 Bd7 18. Nh5 h6 19. Nxf6+ Bxf6 20. Nf3 Be6 21. Nh2
Nc4 22. Qh5 Bg5 23. Bxg5 hxg5 24. Qxg5 Nxb2 25. Re3 f6 26. Qg6 Qe8 27. Qg3 Nc4
28. Rd3 f5 29. Re1 f4 30. Qf3 Qe7 31. Bb3 a5 32. Qh5 a4 33. Bxc4 Bxc4 34. Rd2
Rc6 35. Qd1 Rfc8 36. Qb1 Rc5 37. Red1 R8c6 38. Nf3 Bf7 39. Ne1 Qc7 40. Nd3 Rxc3
41. Qxb5 R3c4 42. a3 Rb6 43. Qa5 Rb3 44. Qxc7 Rxc7 45. Nb4 Rxa3 46. Rxd6 Rb3
47. Nd5 Ra7 48. Rd8+ Kh7 49. Rc8 a3 50. Rcc1 a2 51. Ra1 Ra4 52. f3 Rb2 53. Kh2
Rc4 54. h4 Rcc2 55. Rg1 Rf2 56. Ne7 Rxf3 57. Nc6 Be6 58. Kh1 Rfb3 59. Nxe5 Rb1
60. Nf3 Rxa1 0-1

[Event "BL 1213 SV Hockenheim - SV Wattenscheid"]
[Site "?"]
[Date "2012.12.09"]
[Round "6.1"]
[White "Najer, Evgeniy"]
[Black "Buhmann, Rainer"]
[Result "1/2-1/2"]
[WhiteElo "2664"]
[BlackElo "2584"]
[PlyCount "39"]
[EventDate "2012.??.??"]

1. c4 e6 2. g3 d5 3. Bg2 c6 4. Qc2 Nf6 5. Nf3 Be7 6. O-O O-O 7. d4 Nbd7 8. Nbd2
b6 9. Rd1 Bb7 10. e4 dxc4 11. e5 Nd5 12. Qxc4 c5 13. Nb3 cxd4 14. Qxd4 Qc7 15.
Bd2 Rac8 16. Rac1 Qb8 17. Re1 Rxc1 18. Nxc1 Rc8 19. Nb3 Qc7 20. Rc1 1/2-1/2

[Event "BL 1213 SV Hockenheim - SV Wattenscheid"]
[Site "?"]
[Date "2012.12.09"]
[Round "6.2"]
[White "Baramidze, David"]
[Black "Bartel, Mateusz"]
[Result "0-1"]
[WhiteElo "2615"]
[BlackElo "2635"]
[PlyCount "62"]
[EventDate "2012.??.??"]

1. e4 e6 2. d4 d5 3. Nc3 Nf6 4. e5 Nfd7 5. f4 c5 6. Nce2 Nc6 7. c3 Qb6 8. Nf3
f6 9. a3 Be7 10. b4 cxd4 11. cxd4 O-O 12. h4 a5 13. b5 Qxb5 14. Nc3 Qb6 15. Rb1
Qd8 16. Bd3 h6 17. Nb5 Na7 18. Ng5 fxg5 19. hxg5 Nxb5 20. gxh6 Bh4+ 21. Kf1 Nc3
22. Qg4 Qg5 23. Qxe6+ Kh8 24. hxg7+ Kxg7 25. f5 Qh5 26. g4 Qxg4 27. Qh6+ Kf7
28. Qe6+ Kg7 29. Qh6+ Kg8 30. Rxh4 Rxf5+ 31. Bxf5 Qf3+ 0-1

[Event "BL 1213 SV Hockenheim - SV Wattenscheid"]
[Site "?"]
[Date "2012.12.09"]
[Round "6.3"]
[White "Bogner, Sebastian"]
[Black "Saric, Ivan"]
[Result "1/2-1/2"]
[WhiteElo "2558"]
[BlackElo "2625"]
[PlyCount "115"]
[EventDate "2012.??.??"]

1. d4 Nf6 2. c4 g6 3. Nf3 Bg7 4. g3 d5 5. cxd5 Nxd5 6. Bg2 Nb6 7. Nc3 Nc6 8. e3
O-O 9. O-O Re8 10. d5 Na5 11. Nd4 Bd7 12. b3 Rc8 13. Bb2 c5 14. Nde2 e6 15.
dxe6 Bxe6 16. Nf4 Bf5 17. Qe2 c4 18. Rfd1 Qf6 19. b4 Nc6 20. a3 Rcd8 21. Na4
Ne5 22. Bxe5 Qxe5 23. Nxb6 axb6 24. Qxc4 Rc8 25. Qf1 Rc2 26. Rac1 Rxc1 27. Rxc1
Qb2 28. b5 g5 29. Nd5 Qxa3 30. Qd1 Bd3 31. Bf1 Be4 32. Bg2 Bd3 33. Bf1 Be4 34.
Nxb6 Qe7 35. Qd7 Qxd7 36. Nxd7 Rd8 37. Nb6 Bb2 38. Rc8 Rxc8 39. Nxc8 Ba3 40.
Bg2 Bd3 41. Bf1 Bf5 42. Nb6 Bc5 43. Nd5 Kg7 44. Nc3 Bd7 45. Bc4 f5 46. Kf1 Bb4
47. Na2 Ba3 48. f4 gxf4 49. gxf4 Kf6 50. Ke2 Ke7 51. Nc3 Kd6 52. Kd3 Bb2 53.
Ne2 Kc5 54. Ng3 Bc1 55. Nf1 b6 56. Kc3 Bb2+ 57. Kb3 Bf6 58. Ng3 1/2-1/2

[Event "BL 1213 SV Hockenheim - SV Wattenscheid"]
[Site "?"]
[Date "2012.12.09"]
[Round "6.5"]
[White "Appel, Ralf"]
[Black "Neubauer, Martin"]
[Result "1-0"]
[WhiteElo "2525"]
[BlackElo "2440"]
[PlyCount "89"]
[EventDate "2012.??.??"]

1. d4 g6 2. c4 Nf6 3. g3 c6 4. Bg2 d5 5. Qb3 Bg7 6. Nc3 O-O 7. Nf3 dxc4 8. Qxc4
Bf5 9. O-O Ne4 10. Qb3 Qb6 11. Qa3 Re8 12. Nh4 Nxc3 13. bxc3 Bg4 14. e4 Qa6 15.
Rb1 b6 16. f4 Be2 17. Rf2 Bd3 18. Ra1 Qxa3 19. Bxa3 Nd7 20. e5 Rac8 21. Rd1 Bc4
22. f5 c5 23. Bh3 Rcd8 24. Re1 e6 25. fxg6 fxg6 26. Ng2 cxd4 27. cxd4 Bf8 28.
Bc1 Bb4 29. Bd2 Bxd2 30. Rxd2 Nf8 31. Ne3 Ba6 32. Rc1 Re7 33. d5 exd5 34. Nxd5
Kg7 35. Nxe7 Rxd2 36. Rc7 Rd1+ 37. Kf2 Rd2+ 38. Kf3 Rxh2 39. e6 Nxe6 40. Bxe6
Kf6 41. Bb3 Be2+ 42. Kf4 g5+ 43. Ke4 g4 44. Ng8+ Kg6 45. Bc2 1-0

[Event "BL 1213 SV Hockenheim - SV Wattenscheid"]
[Site "?"]
[Date "2012.12.09"]
[Round "6.7"]
[White "Hirneise, Tobias"]
[Black "Rau, Hannes"]
[Result "1-0"]
[WhiteElo "2448"]
[BlackElo "2438"]
[PlyCount "107"]
[EventDate "2012.??.??"]

1. e4 c5 2. Nf3 Nc6 3. d4 cxd4 4. Nxd4 Nf6 5. Nc3 d6 6. Bg5 e6 7. Qd2 a6 8.
O-O-O Bd7 9. f3 h6 10. Be3 Be7 11. h4 h5 12. Nxc6 bxc6 13. Bg5 e5 14. Bc4 Be6
15. Bb3 Qd7 16. Bxf6 gxf6 17. f4 Rg8 18. f5 Bxb3 19. axb3 Bf8 20. Rh3 Rg4 21.
Kb1 Rd8 22. Qf2 Qb7 23. Rhd3 Rb8 24. Rg3 Qb6 25. Qxb6 Rxb6 26. Rxg4 hxg4 27.
Rd3 Rb4 28. Rg3 Rd4 29. Rxg4 d5 30. Rg8 dxe4 31. Rg4 e3 32. Rxd4 exd4 33. Ne2
c5 34. b4 cxb4 35. Nxd4 Kd7 36. c4 Bc5 37. Nb3 Bd6 38. Kc2 Ke7 39. Nd4 Bc5 40.
Nf3 a5 41. b3 Bd6 42. Kd3 Bf4 43. c5 Kd7 44. g3 Bxg3 45. Kxe3 a4 46. bxa4 b3
47. Kd3 b2 48. Kc2 Kc6 49. h5 Bf4 50. Nh2 Kxc5 51. Ng4 Kb4 52. Kxb2 Kxa4 53.
Kc3 Kb5 54. h6 1-0

[Event "BL 1213 SV Hockenheim - SV Wattenscheid"]
[Site "?"]
[Date "2012.12.09"]
[Round "6.8"]
[White "Wagner, Dennis"]
[Black "Dinstuhl, Volkmar Dr"]
[Result "1/2-1/2"]
[WhiteElo "2456"]
[BlackElo "2409"]
[PlyCount "77"]
[EventDate "2012.??.??"]

1. d4 Nf6 2. c4 e6 3. Nf3 c5 4. d5 b5 5. Bg5 exd5 6. cxd5 d6 7. e4 a6 8. Bd3
Be7 9. O-O O-O 10. a4 b4 11. Bf4 Bg4 12. h3 Bxf3 13. Qxf3 Nbd7 14. Nd2 a5 15.
Nc4 Ne8 16. Rfe1 Nb6 17. Nxb6 Qxb6 18. Bb5 Bf6 19. Re2 Ra7 20. Qg3 Re7 21. Rae1
Be5 22. Bxe5 dxe5 23. Bxe8 Rfxe8 24. Rc1 Rc8 25. Rec2 h6 26. Qd3 Rb7 27. Qe3
Rbc7 28. Qe2 Rb7 29. Qe3 Rbc7 30. Qd3 Rb7 31. b3 Qd6 32. Qe3 Rbc7 33. Qe2 Rb7
34. Qg4 Rcc7 35. Qg3 Rb8 36. Qd3 Kf8 37. Rc4 Kg8 38. Qe3 Rbc8 39. Qe2 1/2-1/2

[Event "BL 1213 Schachfr. Berlin - Wiesbadener "]
[Site "Griesheim"]
[Date "2012.12.09"]
[Round "6.1"]
[White "Alekseev, Evgeny"]
[Black "Kraemer, Martin"]
[Result "1-0"]
[WhiteElo "2683"]
[BlackElo "2520"]
[PlyCount "143"]
[EventDate "2012.??.??"]

1. e4 e5 2. Nf3 Nc6 3. Bb5 a6 4. Ba4 Nf6 5. d3 d6 6. c3 g6 7. O-O Bg7 8. Re1
O-O 9. h3 Re8 10. Be3 b5 11. Bc2 Bb7 12. Nbd2 Nb8 13. b4 a5 14. a3 d5 15. Qb1
a4 16. Bg5 h6 17. Bh4 Nbd7 18. Qa2 Qc8 19. Rac1 c5 20. bxc5 Qxc5 21. d4 Qb6 22.
exd5 Nxd5 23. Be4 Nc7 24. Bg3 Bxe4 25. Nxe4 Rac8 26. Kh2 Rcd8 27. Rcd1 exd4 28.
Nd6 Rf8 29. Re7 Ne6 30. Nxf7 Rxf7 31. Rxe6 Qc5 32. Nxd4 Nf8 33. Rc6 Qd5 34.
Qxd5 Rxd5 35. Rb1 Rb7 36. Nf3 Re7 37. c4 bxc4 38. Rxc4 Ra7 39. Rb8 Rd3 40. Rcc8
Rb3 41. Be5 Bxe5+ 42. Nxe5 Rxb8 43. Rxb8 Kg7 44. Rb6 g5 45. Nc4 Nd7 46. Rc6 Nf6
47. f3 Nd5 48. Nd6 Ne7 49. Rc4 Nd5 50. h4 Ra6 51. Nf5+ Kg6 52. g4 h5 53. Rc5
Nf4 54. Ng3 gxh4 55. Nxh5 Ne6 56. Rc4 Rd6 57. Kh3 Ng5+ 58. Kxh4 Nxf3+ 59. Kg3
Nd2 60. Nf4+ Kf6 61. Rxa4 Rc6 62. Nh5+ Ke5 63. Ra5+ Ke4 64. g5 Nc4 65. Nf6+ Ke3
66. Rf5 Nd2 67. Re5+ Kd4 68. Kf4 Nc4 69. Rd5+ Kc3 70. Ne4+ Kb2 71. Rc5 Rxc5 72.
Nxc5 1-0

[Event "BL 1213 Schachfr. Berlin - Wiesbadener "]
[Site "Griesheim"]
[Date "2012.12.09"]
[Round "6.2"]
[White "Antoniewski, Rafal"]
[Black "Khenkin, Igor"]
[Result "1/2-1/2"]
[WhiteElo "2552"]
[BlackElo "2655"]
[PlyCount "40"]
[EventDate "2012.??.??"]

1. e4 c6 2. Nf3 d5 3. Nc3 dxe4 4. Nxe4 Nf6 5. Qe2 Nxe4 6. Qxe4 Qd5 7. Qf4 Qf5
8. d3 Qxf4 9. Bxf4 Bg4 10. Be2 Nd7 11. h3 Bh5 12. d4 e6 13. O-O-O Be7 14. Rhe1
O-O 15. g4 Bg6 16. Ne5 Rfd8 17. Nxg6 hxg6 18. g5 b5 19. h4 Nb6 20. Bf3 Nd5
1/2-1/2

[Event "BL 1213 Schachfr. Berlin - Wiesbadener "]
[Site "Griesheim"]
[Date "2012.12.09"]
[Round "6.5"]
[White "Mista, Aleksander"]
[Black "Polzin, Rainer"]
[Result "1-0"]
[WhiteElo "2543"]
[BlackElo "2465"]
[PlyCount "77"]
[EventDate "2012.??.??"]

1. c4 Nf6 2. g3 c5 3. Bg2 Nc6 4. Nc3 g6 5. e4 Bg7 6. Nge2 O-O 7. O-O d6 8. d3
Rb8 9. h3 Ne8 10. Be3 Nc7 11. d4 cxd4 12. Nxd4 Bd7 13. a4 Ne6 14. Nde2 Rc8 15.
Rb1 a5 16. f4 Nc5 17. b3 Nb4 18. f5 Bc6 19. Qd2 Rc7 20. Bh6 e5 21. Bxg7 Kxg7
22. f6+ Kh8 23. Nd5 Bxd5 24. exd5 Rg8 25. Nc3 Qf8 26. h4 h5 27. Bh3 b6 28. Nb5
Rb7 29. Nxd6 Rb8 30. Rbe1 Kh7 31. Ne4 Nxe4 32. Rxe4 Re8 33. Rfe1 Qd6 34. Qg5
Nd3 35. R1e3 Nc5 36. Rxe5 Rxe5 37. Rxe5 Nd3 38. Bf5 Qc5+ 39. Kh1 1-0

[Event "BL 1213 Schachfr. Berlin - Wiesbadener "]
[Site "Griesheim"]
[Date "2012.12.09"]
[Round "6.6"]
[White "Thiede, Lars"]
[Black "Tazbir, Marcin"]
[Result "1-0"]
[WhiteElo "2441"]
[BlackElo "2555"]
[PlyCount "55"]
[EventDate "2012.??.??"]

1. Nf3 d5 2. c4 Nf6 3. cxd5 Nxd5 4. g3 g6 5. Bg2 Bg7 6. Nc3 O-O 7. h4 e5 8. h5
Nxc3 9. bxc3 e4 10. Nd4 c5 11. Nb3 Qe7 12. Qc2 Re8 13. hxg6 hxg6 14. Ba3 Na6
15. Rh4 Bf5 16. Nd4 e3 17. Nxf5 exd2+ 18. Qxd2 gxf5 19. Bf3 Rad8 20. Qc2 Nb4
21. cxb4 Bxa1 22. bxc5 Qe5 23. Kf1 Bd4 24. Rh5 Rd7 25. Rg5+ Kh8 26. Rxf5 Qg7
27. Rh5+ Kg8 28. Qf5 1-0

[Event "BL 1213 Schachfr. Berlin - Wiesbadener "]
[Site "Griesheim"]
[Date "2012.12.09"]
[Round "6.7"]
[White "Bulski, Krzysztof"]
[Black "Agopov, Mikael"]
[Result "1-0"]
[WhiteElo "2547"]
[BlackElo "2427"]
[PlyCount "111"]
[EventDate "2012.??.??"]

1. d4 Nf6 2. c4 e6 3. g3 d5 4. Bg2 dxc4 5. Nf3 Bb4+ 6. Bd2 c5 7. dxc5 Bxc5 8.
O-O O-O 9. Qc2 b5 10. Ng5 h6 11. Bxa8 hxg5 12. Bxg5 Qb6 13. Bxf6 gxf6 14. a4 a6
15. axb5 axb5 16. Nc3 Nc6 17. Qe4 Ne5 18. Qf4 Kg7 19. Bg2 Rd8 20. Ra8 Bd4 21.
e3 Bc5 22. Qe4 Be7 23. Ne2 Qc5 24. Qc2 f5 25. b3 Nd3 26. bxc4 bxc4 27. Nd4 Bd7
28. Rxd8 Bxd8 29. Rb1 e5 30. Ne2 Be6 31. Qa4 Bf6 32. Rb8 c3 33. Rb5 Qc4 34.
Qxc4 Bxc4 35. Nxc3 Bxb5 36. Nxb5 f4 37. Nd6 fxe3 38. fxe3 Bg5 39. Kf1 Nc5 40.
Bd5 f6 41. h4 Bh6 42. Nf5+ Kg6 43. Nxh6 Kxh6 44. g4 Na6 45. Ke2 Nc7 46. Be4 Ne8
47. Bf5 Nd6 48. e4 Nb5 49. Kd3 Nd4 50. Kc4 Nf3 51. h5 Nd4 52. Kd5 Kg5 53. Kd6
Ne2 54. Ke7 Ng3 55. Kf7 Kh6 56. Bg6 1-0

[Event "BL 1213 Schachfr. Berlin - Wiesbadener "]
[Site "Griesheim"]
[Date "2012.12.09"]
[Round "6.8"]
[White "Strzemiecki, Zbigniew"]
[Black "Poetsch, Hagen"]
[Result "0-1"]
[WhiteElo "2434"]
[BlackElo "2466"]
[PlyCount "52"]
[EventDate "2012.??.??"]

1. e4 e6 2. d4 d5 3. Nc3 Nf6 4. exd5 Nxd5 5. Ne4 Nd7 6. Nf3 c5 7. Be2 N5f6 8.
Ng3 Bd6 9. O-O Qc7 10. b3 O-O 11. Bb2 b6 12. c4 Bb7 13. Qc2 cxd4 14. Nxd4 Bc5
15. Rad1 Rad8 16. a3 a5 17. Rd2 Ne5 18. Rfd1 Neg4 19. Bf1 Ne4 20. Bd3 Nxd2 21.
Bxh7+ Kh8 22. Rxd2 Qf4 23. Nxe6 Bxf2+ 24. Kh1 Bxg2+ 25. Kxg2 Ne3+ 26. Kh3 Qg4#
0-1

[Event "BL 1213 SC Forchheim - SV Griesheim"]
[Site "Griesheim"]
[Date "2012.12.09"]
[Round "6.1"]
[White "Piorun, Kacper"]
[Black "Prusikin, Michael"]
[Result "1/2-1/2"]
[WhiteElo "2520"]
[BlackElo "2545"]
[PlyCount "84"]
[EventDate "2012.??.??"]

1. c4 e6 2. g3 d5 3. Bg2 Nf6 4. Nf3 dxc4 5. Na3 Bxa3 6. bxa3 O-O 7. Bb2 Nc6 8.
Qc2 Re8 9. Qxc4 e5 10. O-O Be6 11. Qc5 Bd5 12. d3 b6 13. Qc2 Nd4 14. Nxd4 Bxg2
15. Nc6 Bxc6 16. Qxc6 Re6 17. Qc4 c5 18. a4 Qd7 19. Rab1 Nd5 20. Rfc1 Nb4 21.
a5 Nc6 22. Qe4 Rae8 23. axb6 axb6 24. Bc3 Nd4 25. Rb2 f5 26. Qg2 f4 27. Qe4 Rf6
28. Bxd4 exd4 29. Qg2 Re5 30. Rcb1 Qe8 31. Kf1 Qh5 32. g4 Qg6 33. Qa8+ Re8 34.
Qf3 h6 35. h4 Ree6 36. a4 Kh7 37. Kg2 Rf8 38. Rb5 Qf6 39. a5 bxa5 40. Rxc5 Qxh4
41. Rh5 Qd8 42. Rd5 Rd6 1/2-1/2

[Event "BL 1213 SC Forchheim - SV Griesheim"]
[Site "Griesheim"]
[Date "2012.12.09"]
[Round "6.2"]
[White "Jansa, Vlastimil"]
[Black "Farago, Ivan"]
[Result "1/2-1/2"]
[WhiteElo "2451"]
[BlackElo "2488"]
[PlyCount "133"]
[EventDate "2012.??.??"]

1. e4 e6 2. d4 d5 3. Nd2 c5 4. Ngf3 a6 5. exd5 exd5 6. Be2 Nf6 7. O-O Be7 8.
dxc5 Bxc5 9. Nb3 Bb6 10. Bg5 O-O 11. c4 dxc4 12. Bxc4 Qxd1 13. Raxd1 Nc6 14.
Rfe1 Bg4 15. Bxf6 Bxf3 16. gxf3 gxf6 17. Rd6 Rad8 18. Rxf6 Kg7 19. Rf5 Rd7 20.
Re4 f6 21. Rg4+ Kh6 22. Rh4+ Kg7 23. Rg4+ Kh6 24. Rh4+ Kg7 25. Rfh5 Kh8 26. Be6
Rg7+ 27. Kf1 Re7 28. Bd5 Ne5 29. Rb4 Nd3 30. Re4 Rc7 31. Nd4 Ne5 32. f4 Bxd4
33. Rxd4 Ng6 34. Be6 Re8 35. Bf5 Kg7 36. Bd3 Ree7 37. Rhd5 Nh4 38. Re4 Rxe4 39.
Bxe4 Ng6 40. Bxg6 Kxg6 41. Ke2 Rc2+ 42. Rd2 Rxd2+ 43. Kxd2 Kf5 44. Ke3 Kg4 45.
Ke4 h5 46. h4 Kxh4 47. Kf5 Kh3 48. Kxf6 Kg4 49. f5 h4 50. Ke6 h3 51. f6 h2 52.
f7 h1=Q 53. f8=Q Qe4+ 54. Kd7 Qd4+ 55. Kc7 Qxb2 56. Qg8+ Kf4 57. Qg3+ Kf5 58.
Qb3 Qg7+ 59. Kb6 Qg2 60. Qd3+ Ke6 61. Qc4+ Ke7 62. Qc5+ Kd7 63. a4 Qg6+ 64. Ka7
b5 65. axb5 axb5 66. Qxb5+ Qc6 67. Qxc6+ 1/2-1/2

[Event "BL 1213 SC Forchheim - SV Griesheim"]
[Site "Griesheim"]
[Date "2012.12.09"]
[Round "6.3"]
[White "Murdzia, Piotr"]
[Black "Mons, Leon"]
[Result "0-1"]
[WhiteElo "2471"]
[BlackElo "2339"]
[PlyCount "60"]
[EventDate "2012.??.??"]

1. d4 d5 2. c4 e6 3. Nf3 Nf6 4. Nc3 Be7 5. Bg5 h6 6. Bh4 O-O 7. e3 b6 8. Bxf6
Bxf6 9. cxd5 exd5 10. Bd3 c5 11. Rc1 Na6 12. O-O Nc7 13. Bb1 Bb7 14. Qc2 g6 15.
Rfd1 Ne6 16. dxc5 bxc5 17. Ne4 Rc8 18. Nxf6+ Qxf6 19. Qd2 Rfd8 20. b3 Kg7 21.
Ne1 h5 22. b4 c4 23. Nf3 c3 24. Qd3 d4 25. Nxd4 Bxg2 26. Rxc3 Bf3 27. Rxc8 Rxc8
28. Nxf3 Qxf3 29. Rf1 Ng5 30. h4 Qg4+ 0-1

[Event "BL 1213 SC Forchheim - SV Griesheim"]
[Site "Griesheim"]
[Date "2012.12.09"]
[Round "6.4"]
[White "Seyb, Alexander"]
[Black "Izsak, Gyula"]
[Result "1-0"]
[WhiteElo "2310"]
[BlackElo "2471"]
[PlyCount "67"]
[EventDate "2012.??.??"]

1. e4 c5 2. Nf3 e6 3. d4 cxd4 4. Nxd4 a6 5. Bd3 Ne7 6. O-O Nbc6 7. Nb3 d6 8. c4
g6 9. Nc3 Bg7 10. Bg5 h6 11. Be3 g5 12. Qd2 Ng6 13. Rfd1 Be5 14. Na4 Qf6 15.
Nb6 Rb8 16. Rab1 O-O 17. Bf1 Rd8 18. g3 Qg7 19. Bg2 Bf6 20. Qe2 Be7 21. Rd2 Bd7
22. Kh1 e5 23. Nxd7 Rxd7 24. Rbd1 b6 25. c5 bxc5 26. Nxc5 Rdd8 27. Nxa6 Rb7 28.
b4 Nf8 29. b5 Na7 30. a4 Ne6 31. Nb4 Ra8 32. Ra2 Nd4 33. Bxd4 exd4 34. e5 1-0

[Event "BL 1213 SC Forchheim - SV Griesheim"]
[Site "Griesheim"]
[Date "2012.12.09"]
[Round "6.5"]
[White "Horvath, Peter"]
[Black "Zwanzger, Johannes"]
[Result "1/2-1/2"]
[WhiteElo "2434"]
[BlackElo "2326"]
[PlyCount "85"]
[EventDate "2012.??.??"]

1. d4 d5 2. c4 e6 3. Nc3 Be7 4. cxd5 exd5 5. Bf4 c6 6. e3 Bf5 7. Bd3 Bxd3 8.
Qxd3 Bd6 9. Bg3 Ne7 10. Nf3 O-O 11. Ng5 Ng6 12. Bxd6 Qxd6 13. h4 h6 14. Nf3 Nd7
15. h5 Ne7 16. g4 f5 17. g5 f4 18. e4 dxe4 19. Nxe4 Qb4+ 20. Kf1 Nf5 21. gxh6
Nxh6 22. a3 Qa5 23. Neg5 Qf5 24. Qb3+ Kh8 25. Qxb7 Rab8 26. Qxc6 Rxb2 27. Rg1
Rfb8 28. Qe4 Rb1+ 29. Rxb1 Rxb1+ 30. Ne1 Nf6 31. Qxf5 Nxf5 32. Ngf3 Ne4 33. Rg4
Ra1 34. Rxf4 Ned6 35. Ne5 Rxa3 36. N1f3 a5 37. d5 Ra1+ 38. Kg2 Kh7 39. Nd4 Nxd4
40. Rxd4 a4 41. Nc4 Nxc4 42. Rxc4 Rd1 43. Rxa4 1/2-1/2

[Event "BL 1213 SC Forchheim - SV Griesheim"]
[Site "Griesheim"]
[Date "2012.12.09"]
[Round "6.6"]
[White "Heidrich, Manfred"]
[Black "Grabarczyk, Bogdan"]
[Result "1-0"]
[WhiteElo "2296"]
[BlackElo "2393"]
[PlyCount "107"]
[EventDate "2012.??.??"]

1. e4 c5 2. Nf3 e6 3. d3 d5 4. Nbd2 Nf6 5. g3 Nc6 6. Bg2 g6 7. O-O Bg7 8. c3
O-O 9. Re1 Kh8 10. Qc2 a5 11. Nf1 d4 12. e5 Nd7 13. Bf4 h6 14. h4 f6 15. cxd4
cxd4 16. exf6 Qxf6 17. N1d2 Nb4 18. Qd1 Qf5 19. Ne4 e5 20. Bc1 Ra6 21. a3 Nd5
22. Bd2 N5f6 23. Qe2 Nxe4 24. dxe4 Qf7 25. Rf1 Nc5 26. Qb5 Qe7 27. Rac1 Nxe4
28. Bxa5 Nd6 29. Bb4 Qf6 30. Bxd6 Qxd6 31. Nd2 Be6 32. Nc4 Bxc4 33. Qxc4 d3 34.
Rfd1 e4 35. Qxe4 Bxb2 36. Rxd3 Bxc1 37. Rxd6 Rxd6 38. Qc2 Bd2 39. Qc7 Rdf6 40.
f4 b6 41. Be4 Be3+ 42. Kg2 h5 43. Qc3 Bc5 44. Bxg6 Kg7 45. f5 Rd8 46. a4 Ra8
47. Qf3 Rff8 48. Bxh5 Ra7 49. Qc3+ Kg8 50. f6 Rd7 51. Qe5 Rfd8 52. Qg5+ Kh8 53.
Be8 Rh7 54. f7 1-0

[Event "BL 1213 SC Forchheim - SV Griesheim"]
[Site "Griesheim"]
[Date "2012.12.09"]
[Round "6.7"]
[White "Walter, Stefan"]
[Black "Kraeussling, Andreas"]
[Result "1/2-1/2"]
[WhiteElo "2358"]
[BlackElo "2268"]
[PlyCount "81"]
[EventDate "2012.??.??"]

1. d4 Nf6 2. c4 e6 3. Nc3 d5 4. Nf3 Be7 5. Bg5 O-O 6. e3 h6 7. Bh4 b6 8. cxd5
Nxd5 9. Bxe7 Qxe7 10. Nxd5 exd5 11. Rc1 Be6 12. Qa4 c5 13. Qa3 Rc8 14. Be2 Kf8
15. dxc5 bxc5 16. O-O c4 17. Rc3 Nd7 18. Rfc1 Nb6 19. Nd4 Bd7 20. Bf3 Rc7 21.
Ne2 Rac8 22. Nf4 Be6 23. h3 Rc5 24. Rd1 Rb5 25. Rd2 a5 26. Ne2 Qb4 27. Nd4 Rbc5
28. Bd1 Qxa3 29. Rxa3 c3 30. Rxc3 Rxc3 31. bxc3 Rxc3 32. Rb2 Rc1 33. Rxb6 Rxd1+
34. Kh2 Rd2 35. Kg3 Rxa2 36. Nxe6+ fxe6 37. Rxe6 Kf7 38. Rd6 Rd2 39. Ra6 Ra2
40. Rd6 Rd2 41. Ra6 1/2-1/2